La Luna.

Guardado en:
Formato: Deslizar
Series:Cómo, por qué, para qué?
Materias:
Etiquetas: Agregar Etiqueta
Sin Etiquetas, Sea el primero en etiquetar este registro!
LEADER 00766ngm a22002295g 4500
001 CEM.cems021781
008 130507b1993##################0###0#####d
005 20240910165141.0
245 0 0 |a La Luna. 
300 |a 10 
490 0 |a Cómo, por qué, para qué? 
500 |a En soporte VHS, consultar en ventanilla. 
505 0 |a Descripción de la luna. Morfología lunar. Trayectoria alrededor del sol. Fases. Orbitación lunar. 
538 |a Soporte: VHS - Norma:. Pal N - Color - Grabación DRD 1993 - Hitachi=4759 
082 9 1 |/ CEA 
653 |a GEOGRAFIA 
653 |a ASTRONOMIA 
653 |a LUNA 
653 |a FASES DE LA LUNA 
653 |a ORBITA LUNAR 
653 |a NIVEL SECUNDARIO 
859 |a CEMS  |b BIB. CEMS - Depto. Recursos Didacticos  |h 910  |i CEA  |k DRD  |p 424.12  |t Ej.1